000 01306nam a2200337 a 4500
001 ebr10748717
003 CaPaEBR
006 m o u
007 cr cn|||||||||
008 130322s2013 njuad sb 001 0 eng d
010 _z 2012050030
020 _z9781118065662 (cloth)
020 _z9781118642566 (e-book)
040 _aCaPaEBR
_cCaPaEBR
035 _a(OCoLC)854976279
050 1 4 _aQD121
_b.T73 2013eb
082 0 4 _a543
_223
245 0 0 _aTrace analysis of specialty and electronic gases
_h[electronic resource] /
_cedited by William M. Geiger, Mark W. Raynor.
260 _aHoboken, N.J. :
_bJohn Wiley & Sons, Inc.,
_c2013.
300 _axxxv, 349 p. :
_bill.
504 _aIncludes bibliographical references and index.
533 _aElectronic reproduction.
_bPalo Alto, Calif. :
_cebrary,
_d2013.
_nAvailable via World Wide Web.
_nAccess may be limited to ebrary affiliated libraries.
650 0 _aGases
_xAnalysis.
650 0 _aTrace elements
_xAnalysis.
650 0 _aGases
_xSpectra.
655 7 _aElectronic books.
_2local
700 1 _aGeiger, William M.,
_d1948-
700 1 _aRaynor, Mark W.,
_d1961-
710 2 _aebrary, Inc.
856 4 0 _uhttp://site.ebrary.com/lib/rucke/Doc?id=10748717
_zAn electronic book accessible through the World Wide Web; click to view
999 _c113934
_d113934